Szczegóły MARC21

Dzieci odchodzą w ciszy : sprawa Kamilka z Częstochowy /

003 -Nazwa inst., której nr kontr. jest w polu 001 [,]
    • @
    • Nazwa instytucji, której n kontrolny jest w polu 001
    • NUKAT
005 -DATA I CZAS OSTATNIEJ MODYFIKACJI [,]
    • @
    • pole kontrolne
    • 20251008092326.0
020 -Międzynarod. znormalizowany nr książki - ISBN [ , ]
    • a
    • Numer ISBN
    • 9788383436395 Find
    • q
    • Dopowiedzenie
    • (oprawa miękka) :
    • c
    • Terms of availability
    • zł 49,99
040 -Instytucja sporządzająca opis [ , ]
    • a
    • Instytucja, która sporządziła opis (NP)
    • MBPWR
    • c
    • Instytucja, która sporządziła rekord (NP)
    • MBPWR
    • d
    • Instytucja, która zmodyfikowała rekord (P)
    • MBPWR
    • d
    • Instytucja, która zmodyfikowała rekord (P)
    • Ł M
942 -Rodzaj dokumentu [ , ]
    • c
    • Rodzaj dokumentu
    • Książka
100 -Hasło główne - nazwa osobowa [1, ]
    • a
    • Nazwa osobowa (NP)
    • Wojsa, Bartosz.
    • e
    • Rodzaj współpracy
    • Autor
    • 9
    • KHW
    • 733991
245 -Strefa tytułu i oznaczenia odpowiedzialności [1,0]
    • a
    • Tytuł
    • Dzieci odchodzą w ciszy : Find
    • b
    • Ciąg dalszy tytułu (NP)
    • sprawa Kamilka z Częstochowy / Find
    • c
    • Pozostałe elementy strefy tytułu i oznaczenia odpowiedzialności (NP)
    • Bartosz Wojsa.
246 -Wariant tytułu [3,0]
    • a
    • Tytuł (NP)
    • Sprawa Kamilka z Częstochowy
250 -Strefa wydania [ , ]
    • a
    • Oznaczenie wydania (NP)
    • Wydanie pierwsze.
260 -Strefa adresu wydawniczego [ , ]
    • a
    • Miejsce wydania (P)
    • Warszawa :
    • b
    • Nazwa wydawcy (P)
    • Harde,
    • c
    • Data wydania (P)
    • 2025.
300 -Strefa opisu fizycznego [ , ]
    • a
    • Określenie formy książki i/lub objętość (NP)
    • 294, [2] strony ;
    • c
    • Format (NP)
    • 21 cm.
336 -Typ zawartości [ , ]
    • a
    • Termin opisujący typ zawartości
    • Tekst
    • b
    • Kod określający zawartość
    • txt
    • 2
    • Źródło (terminu i kodu)
    • rdacontent
337 -Typ mediów [ , ]
    • a
    • Tryb odtwarzania
    • Bez urządzenia pośredniczącego
    • b
    • Kod typu mediów
    • n
    • 2
    • Źródło (terminu i kodu)
    • rdamedia
338 -Typ/rodzaj nośnika [ , ]
    • a
    • Hasło opisujące typ nośnika
    • Wolumin
    • b
    • Kod typu nośnika
    • nc
    • 2
    • Źródło (terminu i kodu)
    • rdacarrier
380 -Deskryptor - Forma dzieła (P) [ , ]
    • a
    • forma dzieła (NP)
    • Książki
380 -Deskryptor - Forma dzieła (P) [ , ]
    • a
    • forma dzieła (NP)
    • Literatura faktu, eseje, publicystyka
386 -Deskryptor - przynależność kulturowa (P) [ , ]
    • m
    • Wyrażenie wprowadzające (NP)
    • Przynależność kulturowa
    • a
    • Przynależność kulturowa (NP)
    • Literatura polska
388 -Deskryptor - czas powstania dzieła (P) [1, ]
    • a
    • Czas powstania dzieła (NP)
    • 2001-
530 -Uwaga dot. innej postaci fizycznej dokumentu [ , ]
    • a
    • Uwaga dot. innej postaci fizycznej dokumentu
    • Książka dostępna także jako audiobook i ebook.
648 -Hasło przedmiotowe - chronologia [ ,7]
    • a
    • Deskryptor chronologiczny
    • 2001-
    • 2
    • Źródło terminu
    • DBN
    • 9
    • KHW
    • 721449
650 -Hasło przedmiotowe [ ,7]
    • a
    • Hasło przedmiotowe
    • Dziecko maltretowane
    • 2
    • Źródło terminu
    • DBN
    • 9
    • KHW
    • 727915
650 -Hasło przedmiotowe [ ,7]
    • a
    • Hasło przedmiotowe
    • Ofiary przestępstw
    • 2
    • Źródło terminu
    • DBN
    • 9
    • KHW
    • 721963
650 -Hasło przedmiotowe [ ,7]
    • a
    • Hasło przedmiotowe
    • Przemoc wobec dzieci
    • 2
    • Źródło terminu
    • DBN
    • 9
    • KHW
    • 727924
655 -Hasło w funkcji tematu formalnego [ ,7]
    • a
    • Hasło
    • Reportaż problemowy
    • 2
    • Źródło terminu
    • DBN
    • 9
    • KHW
    • 733622
658 -Ujęcie treści [ , ]
    • a
    • dziedzina nauki i sztuki/ sfera aktywności życiowej
    • Prawo i wymiar sprawiedliwości
658 -Ujęcie treści [ , ]
    • a
    • dziedzina nauki i sztuki/ sfera aktywności życiowej
    • Rodzina, relacje międzyludzkie
658 -Ujęcie treści [ , ]
    • a
    • dziedzina nauki i sztuki/ sfera aktywności życiowej
    • Socjologia i społeczeństwo
710 -Hasło dodatkowe - nazwa ciała zbiorowego [2, ]
    • a
    • Nazwa ciała zbiorowego lub nazwa geograficzna jako pierwszy element (NP)
    • Grupa Radiowa Time.
    • e
    • Rodzaj współpracy
    • Wydawca
    • 4
    • Kod relacji
    • pbl
    • 9
    • KHW
    • 733984
920 -ISBN [ , ]
    • a
    • ISBN
    • 978-83-8343-639-5 (oprawa miękka) : zł 49,99 Find
Numer inwentarzowy Status udost. Lokalizacja Data inwentaryzacji
WM.29530-3BG2025-11-12